Sustainability (Record no. 115343)

MARC details
000 -LEADER
fixed length control field 01330cam a22002895a 4500
001 - CONTROL NUMBER
control field L158492
008 - FIXED-LENGTH DATA ELEMENTS--GENERAL INFORMATION
fixed length control field 081030s2013 xxk f v 000 0 eng d
020 ## - INTERNATIONAL STANDARD BOOK NUMBER
ISBN 9781783210152
035 ## - SYSTEM CONTROL NUMBER
System control number (Sirsi) u158492
041 0# - LANGUAGE CODE
Language code of text/sound track or separate title eng
110 2# - MAIN ENTRY--CORPORATE NAME
Corporate author Royal Institution of Chartered Surveyors
245 00 - TITLE STATEMENT
Title Sustainability
Subtitle Improving performance in existing buildings
Medium [electronic resource]
250 ## - EDITION
Edition statement 1st ed.
260 ## - PUBLICATION INFORMATION
Place of publication London,
Publisher RICS,
Date 2013
300 ## - PHYSICAL DESCRIPTION
Physical description 38 p.
490 #0 - SERIES TITLE
Series statement RICS Guidance Note
Volume GN (105/2013)
520 ## - ABSTRACT
Abstract Outlines a road map for integrating sustainability into existing buildings and aims to assist building surveyors in explaining the appropriate options available to clients. Covers the initial appraisal, metrics, benchmarking and standards, concept design, detailed design and implementation, and completion (in use).
521 ## - TARGET AUDIENCE NOTE
Target audience note Advanced
650 24 - KEYWORDS
Keywords ENERGY PERFORMANCE CERTIFICATES
650 24 - KEYWORDS
Keywords ENERGY ACT 2011
650 24 - KEYWORDS
Keywords ENERGY EFFICIENCY IN BUILDINGS
651 #4 - SUBJECT ADDED ENTRY--GEOGRAPHIC NAME
Geographic name United Kingdom
690 ## - BROAD SUBJECT
Broad subject Sustainability
9 (RLIN) 6271
710 1# - ADDED CORPORATE NAME
Added corporate author Royal Institution of Chartered Surveyors
Subordinate unit Building Surveying Faculty
856 41 - ONLINE RESOURCE
Uniform Resource Identifier <a href="https://www.isurv.com/downloads/file/5012/sustainability_improving_performance_in_existing_buildings">https://www.isurv.com/downloads/file/5012/sustainability_improving_performance_in_existing_buildings</a>
Public note Available on iSurv (subscription required)
942 ## - ADDED ENTRY ELEMENTS (KOHA)
Suppress in OPAC Do not suppress in OPAC
Holdings
Lost status Source of classification or shelving scheme Damaged status Not for loan Current library Shelving location Date acquired Total Checkouts Full call number Barcode Date last seen Copy number Price effective from Koha item type
  Dewey Decimal Classification     Virtual Online 18/03/2015   ONLINE PUBLICATION 158492-2001 06/08/2019 1 06/08/2019 Book